000 00856nam a22002177a 4500
999 _c20221
_d20221
003 AR-CdUCM
008 190528b ||||| |||| 00| 0 spa d
040 _aMUNICIPALIDAD PROVINCIAL DEL CUSCO
_cBIBLIOTECA MUNICIPAL DEL CUSCO
041 _heng
082 _a633.1506 /
_bS5
110 _aSimposio Internacional Cimmyt-Purdue
_942275
245 _aMaíz de alta calidad proteínica /
260 _aMéxico :
_bCentro Regional de Ayuda Técnica,
_c1977.
300 _a569 páginas ;
_bDiagramas,
_c23 cm.
505 _aContenido: Necesidades de proteína de alta calidad a nivel mundial -- Como satisfacer las necesidades alimentarias mundiales -- El maíz de alta calidad proteínica y la nutrición humana...
650 _aMaíz
_920764
650 _aCultivo
_919546
650 _aCongresos
_92448
942 _2ddc
_cLIBROS
945 _adavv
_d2019-05-28